Ilmu waris

Bibliographic Details
Main Author: Rahman, Fatchur (Author)
Format: Book
Published: Kuala Lumpur : Victory Agencies , 1988
Subjects:

MARC

LEADER 00000cam a2200000 7i4500
001 0000017374
005 20120917093000.0
020 |a 9839581260 
050 0 0 |a K805   |b .R335 
090 0 0 |a d40 K805   |b .R335 
100 1 |a Rahman, Fatchur ,   |e author 
245 1 0 |a Ilmu waris   |c Fatchur Rahman 
260 |a Kuala Lumpur :   |b Victory Agencies ,   |c 1988 
300 |a 630 p. ;   |c 21 cm. 
504 |a Includes bibliographical references 
650 0 |a Inheritance and succession (Islamic law) 
999 |a 1000011382   |b Book   |c OPEN SHELF (30 DAYS)   |e Gong Badak Campus